02114cam a22004814i 4500003000900000005001700009008004100026020001800067035002700085040003300112049000900145082002000154100002800174245005700202264003500259300003800294336002100332337002500353338002300378505049400401526001000895526001000905526001000915526001000925526000800935526000800943526000800951526000800959526000800967526000800975526000800983541001700991650003001008700003501038910002201073942001401095949012101109994001401230596000601244999015801250980005501408952016901463PE-LiUPU20250731173403.0150706s2001 flu r 000 0 spa d a9780829733587 a(Sirsi) i9780829733587 aPE-LiUPUbspacPE-LiUPUerda aPRUA04a270.09bB792211 aBoyer, Orlando,eautor.10aBiografías de grandes cristianos /cOrlando Boyer. 1aMiami, Florida :bVida,c2001. a260 páginas ;c22 centímetros atext2rdacontent aunmediated2rdamedia avolume2rdacarrier0 aEl misterio de los grandes cristianos -- Jerónimo Savonarola -- Martín Lutero -- Juan Bunyan -- Jonatán Edwards -- Juan Wesley -- Jorge Whitefield -- David Brainero -- Guillermo Carey -- Christmas Evans -- Enrique Martyn -- Adoniran Judson -- Carlos Finney -- El Salvador espera y el mundo carece -- El gemir de miles de millones de almas -- Jorge Müller -- David Livingstone -- Juan Paton -- Hudson Taylor -- Carlos Spurgeon -- Pastor HSI -- Dwight Lyman Moody -- Jonatan Goforth. aSEG42 aSEG41 aSEG40 aSEG39 aP94 aP87 aP86 aP85 aP77 aP76 aP35 g001-0000520;04aCristianosxBiografías.1 aKjellgreen, Shily,etraductor. bjvclchd20110807 2ddccBOOK a270.09 B79wDEWEYc1i63244lCCODEBUL1mBULp12.00r0sYtBOOKu2015-7-6xTEOLOGIAPP35o.STAFF. Colección General aC0bPEPRU a1 a270.09 B79wDEWEYc52245i63244f2021-11-11g5lCCODEBUL1mBULp12.00r0sYtBOOKu2015-7-6xTEOLOGIAPP350COMPRAo.STAFF. Colección Teologíad52245 81gALBERTO SANCHEZ Responsable de Automatización r2025-12-02 00:00:00i6l0o270.09 B79p63244te1v17.00w2015-07-06xFTyBKzinventario-2023-12-13102ddc50708GENfP35aBULbBULcGENd2015-07-06eCOMPRAg12.00